000 00934cam a2200277 a 4500
999 _c331610
_d331610
001 17210307
003 NUST
005 20171005165444.0
008 120314s2012 nyua 000 1 eng
010 _a 2012371161
020 _a9780006479895 (pbk.)
040 _aDLC
_cDLC
042 _apcc
050 0 0 _aPS3563.A7239
_bC58 2012
082 _a813.54
_bMAR
100 1 _aMartin, George R. R.
_95286
245 1 2 _aA clash of kings /
_cGeorge R.R. Martin.
250 _aBantam Books trade pbk. tie-in ed.
260 _aNew York :
_bBantam Books,
_c2012.
300 _a913 p. :
_bill. ;
_c24 cm.
490 0 _aA song of ice and fire ;
_vbk. 2
500 _aSequel to: A game of thrones.
500 _aMaps on endpapers.
655 7 _aFantasy fiction.
_2gsafd
_91087
730 0 _aGame of thrones (Television program)
_95287
906 _a7
_bcbc
_corigcop
_d2
_encip
_f20
_gy-gencatlg
942 _2ddc
_cBK